Central Library OPAC University of Rajshahi

National agricultural education system in Saarc countries : (Record no. 37760)

MARC details
000 -LEADER
fixed length control field 00973nam a22002657a 4500
001 - CONTROL NUMBER
control field 37760
003 - CONTROL NUMBER IDENTIFIER
rucl marc code BD-RjUL
005 - DATE AND TIME OF LATEST TRANSACTION
control field 20211209052640.0
008 - FIXED-LENGTH DATA ELEMENTS--GENERAL INFORMATION
fixed length control field 150623s2013 bg a|||| b||| 00| 0 eng d
020 ## - INTERNATIONAL STANDARD BOOK NUMBER
International Standard Book Number 9789843363534
035 ## - SYSTEM CONTROL NUMBER
System control number (BD-RjUL)37864
040 ## - CATALOGING SOURCE
Original cataloging agency BD-RjUL
Language of cataloging eng
Transcribing agency BD-RjUL
041 ## - LANGUAGE CODE
Language code of text/sound track or separate title eng
082 ## - DEWEY DECIMAL CLASSIFICATION NUMBER
Edition number 22
Classification number 630.710954
Author mark and year NAT 2013
245 ## - TITLE STATEMENT
Title National agricultural education system in Saarc countries :
Remainder of title comparative analysis /
Statement of responsibility, etc. editors, Tayan Raj Gurung and Abul Kalam Azad
246 ## - VARYING FORM OF TITLE
Title proper/short title National agricultural education system in Saarc countries
260 ## - PUBLICATION, DISTRIBUTION, ETC. (IMPRINT)
Place of publication, distribution, etc. Dhaka, Bangladesh :
Name of publisher, distributor, etc. SAARC Agriculture Centre (SAC),
Date of publication, distribution, etc. c2013
300 ## - PHYSICAL DESCRIPTION
Pagination viii, 342 p. :
Illustrations ill. (col.) ;
Size 25 cm.
504 ## - BIBLIOGRAPHY, ETC. NOTE
Bibliography, etc Includes bibliographical references.
650 ## - SUBJECT ADDED ENTRY--TOPICAL TERM
Topical term or geographic name as entry element Agricultural education
Geographic subdivision South Asia
9 (RLIN) 116957
700 ## - ADDED ENTRY--PERSONAL NAME
Personal name Gurung, Tayan Raj
Personal name Azad, Abul Kalam
710 2# - ADDED ENTRY--CORPORATE NAME
Corporate name or jurisdiction name as entry element SAARC Agricultural Information Centre.
9 (RLIN) 116958
942 ## - ADDED ENTRY ELEMENTS (KOHA)
Source of classification or shelving scheme Dewey Decimal Classification
Koha item type Books
Holdings
Lost status Source of classification or shelving scheme Damaged status Not for loan Collection code Permanent Location Current Location Shelving location Date acquired Source of acquisition Cost, normal purchase price Total Checkouts Full call number Date last seen Copy number Koha item type
  Dewey Decimal Classification   Not For Loan Non-fiction Central Library, University of Rajshahi Central Library, University of Rajshahi Reading Room 15/03/2015 RUCL 10.00   630.710954 NAT 2013 23/06/2015 C-1 Books